000 00719nam a2200289Ia 4500
005 20260324111709.0
008 008 260324s9999 xx 000 0 eng d
020 _a9781003407225
037 _aEBOOK
040 _aCRL
040 _beng
040 _cCRL
041 _2eng
041 _aeng
084 _qCRL
100 _aAhmad Daryanto
_91139639
245 3 _aAn Introduction to Quantitative Research Methods for Marketing
245 0 _bTools and Techniques Using SPSS and R
260 _bTaylor and Francis
260 _c2025
365 _a
365 _b240
856 _uhttp://www.taylorfrancis.com/books/9781003407225
942 _cEBOOK
999 _c1728550
_d1728550